• 首页
  • 本馆介绍
  • 公告通知
  • 最新文献
  • 馆藏检索
  • 电子资源
  • 读者导购
  • 参考咨询
  • 我的图书馆
  • 登录
  • 详细信息显示
  • 放入我的书架
  • 预约/预借图书
  • 作者相关作品
  • 分类相关作品
  • 丛书相关作品
  • 出版社相关作品

书目信息

  • 表格格式
  • 工作单格式
  • 卡片格式
题名:
有趣的实验
    
 
作者: 斯托利阿 著 ;吕承文 译
分册:  
出版信息: 北京   科学普及出版社  1982.9
页数: 54页
开本: 20cm
丛书名:
单 册:
中图分类: N33
科图分类:
主题词: 自然科学--科学实验 , 自然科学--实验设备
电子资源:
ISBN:
000 00620nam0 2200229 45
001 0312221749
005 20040517105657.8
010    @dCNY0.23
091    @a13051.1280
100    @a20031222d1982 km y0chiy0120 ea
101    @achi
105    @a z 000yy
200 1  @a有趣的实验@AYou Qu De Shi Yan@f(苏)斯托利阿著@F(Su)Si Tuo Li A Zhu@g吕承文译
210    @a北京@c科学普及出版社@d1982.9
215    @a54页@d20cm
606 0  @a自然科学@x科学实验
606 0  @a自然科学@x实验设备
690    @aN33@v3
701 0  @a斯托利阿@4著
702 0  @a吕承文@4译
801    @aCN@bTSTCL@c20031222
905    @dN33@e12@f8@b76170-177
    
    有趣的实验/(苏)斯托利阿著/吕承文译.-北京:科学普及出版社,1982.9
    54页;20cm
    
    
    ISBN :CNY0.23
    
●
相关链接 在E读中查询图书 在五车中查询图书 在当当中查询图书 在豆瓣中查询图书


正题名:有趣的实验     索取号:N33/12         预约/预借

序号 登录号 条形码 馆藏地/架位号 状态 备注
1 0076169   000566211   第三借阅区/ [索取号:N33/12] 在馆    
2 0076170   000566248   第三借阅区/ [索取号:N33/12] 在馆    
3 0076171   000566060   第三借阅区/ [索取号:N33/12] 在馆    
4 0076172   000566015   第三借阅区/ [索取号:N33/12] 在馆    
5 0076173   000566051   第三借阅区/ [索取号:N33/12] 在馆    
6 0076174   000566239   第三借阅区/ [索取号:N33/12] 在馆    
7 0076175   000566079   第三借阅区/ [索取号:N33/12] 在馆    
8 0076176   000566088   第三借阅区/ [索取号:N33/12] 在馆    
9 0076177   000566220   第三借阅区/ [索取号:N33/12] 在馆    
10 0076178   000566122   第二样本阅览室/ [索取号:N33/12] 在馆    
唐山师范学院图书馆 欢迎您!
大连网信软件有限公司© 版权所有